000 00629nam a2200193Ii 4500
003 JO-AjNU
008 230605s9999||||xx |||||||||||||| ||und||
040 _aJO-AjNU
_bara
_erda
_cJO-AjNU
041 _aara
050 1 4 _aLA11.H3586
100 3 _aهمشري، عمر احمد,
_eauthor
_959898
245 0 0 _aمدخل الى التربية
264 3 1 _aعمان: دار صفاء للنشر والتوزيع
300 _a336ص
336 _atext
_btxt
_2rdacontent
337 _aunmediated
_bn
_2rdamedia
338 _avolume
_bnc
_2rdacarrier
650 4 _aالتعليم - فلسفة - علم النفس التربوي
_959899
999 _aA26978
_c30546
_d30546